Normal view
MARC view
- SYED LABEEB AHMAD ABDUL BASIT MALIK WAJIH TARIQ OSAMA NAEEM KHAN
Entry Personal Name
001 - CONTROL NUMBER
- control field: 71239
003 - CONTROL NUMBER IDENTIFIER
- control field: NUST
005 - DATE AND TIME OF LATEST TRANSACTION
- control field: 20210628204618.0
008 - FIXED-LENGTH DATA ELEMENTS
- fixed length control field: 210628|| aca||aabn | a|a d
040 ## - CATALOGING SOURCE
- Original cataloging agency: NUST
- Transcribing agency: NUST
100 ## - HEADING--PERSONAL NAME
- Personal name: SYED LABEEB AHMAD ABDUL BASIT MALIK WAJIH TARIQ OSAMA NAEEM KHAN
670 ## - SOURCE DATA FOUND
- Source citation: Work cat.: (NUST): SYED LABEEB AHMAD ABDUL BASIT MALIK WAJIH TARIQ OSAMA NAEEM KHAN , PR-SOF-1435-ENERGY CONSERVATION SYSTEM WITH PRE-PAID BILLING AND ADVANCED USER INTERFACE, 2015
